[Event "Oberliga Sued W 1819"]
[White "Weimann, Maximilian"]
[Black "Feldmann, Johannes"]
[Site "Germany"]
[Round "1.2"]
[Result "1-0"]
[Date "2018.10.21"]
[WhiteElo "2207"]
[BlackElo "2224"]
[PlyCount "53"]
[EventDate "2018.10.21"]
[EventType "team-tourn"]
[EventRounds "9"]
[EventCountry "GER"]
[SourceTitle "EXT 2020"]
[Source "ChessBase"]
[SourceDate "2019.10.17"]
[SourceVersion "1"]
[SourceVersionDate "2019.10.17"]
[SourceQuality "1"]
[WhiteTeam "Altenkirchen"]
[BlackTeam "Worms"]
[WhiteTeamCountry "GER"]
[BlackTeamCountry "GER"]

1. e4 e5 2. Nf3 Nc6 3. Nc3 Nf6 4. g3 d5 5. exd5 Nxd5 6. Bg2 Nxc3 7. bxc3 Bd6 8. 0-0 0-0 9. Re1 Re8 10. d3 Bg4 11. h3 Bh5 12. Rb1 Rb8 13. g4 Bg6 14. Ng5 Qd7 15. Qf3 Nd8 16. h4 h6 17. h5 Bxh5 18. gxh5 hxg5 19. Bxg5 Ne6 20. Qf5 Qa4 21. h6 gxh6 22. Re4 Qxa2 23. Bxh6 Qxb1+ 24. Kh2 Qd1 25. Bf3 Qxf3 26. Qxf3 Nf4 27. Rxf4 1-0

[Event "Oberliga Sued W 1718"]
[White "Boidman, Yuri"]
[Black "Weimann, Maximilian"]
[Site "Germany"]
[Round "1.2"]
[Result "1-0"]
[Date "2017.09.10"]
[WhiteElo "2319"]
[BlackElo "2232"]
[PlyCount "83"]
[EventDate "2017.09.10"]
[EventType "team-tourn"]
[EventRounds "11"]
[EventCountry "GER"]
[SourceTitle "EXT 2019"]
[Source "ChessBase"]
[SourceDate "2018.10.10"]
[SourceVersion "1"]
[SourceVersionDate "2018.10.10"]
[SourceQuality "1"]
[WhiteTeam "Heimbach Weis/Neuwied"]
[BlackTeam "Altenkirchen"]
[WhiteTeamCountry "GER"]
[BlackTeamCountry "GER"]

1. e4 c5 2. Nf3 e6 3. Nc3 a6 4. g3 b5 5. Bg2 Bb7 6. d3 Be7 7. 0-0 d6 8. d4 cxd4 9. Nxd4 Nd7 10. a4 bxa4 11. Nxa4 Qc7 12. Qh5 g6 13. Qe2 Ngf6 14. Bh6 Rc8 15. Nc3 Ne5 16. h3 Nc4 17. b3 Nb6 18. Na4 e5 19. Bg7 Rg8 20. Bxf6 Bxf6 21. Nxb6 Qxb6 22. Nf3 Qc6 23. Ne1 Kf8 24. c4 Kg7 25. Nc2 Bd8 26. Ne3 Qc5 27. b4 Qb6 28. h4 Rf8 29. Rfb1 Ba8 30. c5 dxc5 31. Rxa6 Qb7 32. b5 Rb8 33. Nc4 Qxa6 34. bxa6 Rxb1+ 35. Kh2 Bc7 36. h5 Rd8 37. Qe3 gxh5 38. Qg5+ Kf8 39. Nxe5 Rd6 40. Qxh5 Rg6 41. Nxg6+ hxg6 42. Qxc5+ 1-0

[Event "Oberliga NRW 1516"]
[White "Pfleger, Sascha"]
[Black "Weimann, Maximilian"]
[Site "Germany"]
[Round "9.8"]
[Result "1/2-1/2"]
[Date "2016.05.08"]
[WhiteElo "1985"]
[BlackElo "2197"]
[PlyCount "63"]
[EventDate "2015.09.27"]
[EventType "team-tourn"]
[EventRounds "9"]
[EventCountry "GER"]
[SourceTitle "EXT 2017"]
[Source "ChessBase"]
[SourceDate "2016.10.25"]
[SourceVersion "1"]
[SourceVersionDate "2016.10.25"]
[SourceQuality "1"]
[WhiteTeam "Letmathe"]
[BlackTeam "Wuerselen"]
[WhiteTeamCountry "GER"]
[BlackTeamCountry "GER"]

1. d4 d5 2. c4 e6 3. Nc3 Bb4 4. Nf3 Nf6 5. a3 Be7 6. Bf4 0-0 7. e3 Nbd7 8. Qc2 a6 9. Ne5 c5 10. cxd5 exd5 11. Nxd7 Bxd7 12. dxc5 Bxc5 13. Rd1 Rc8 14. Be2 Qb6 15. Be5 Qe6 16. Bxf6 Qxf6 17. Nxd5 Qh6 18. Qe4 Bc6 19. Qf4 Qe6 20. Bc4 b5 21. Ba2 Rcd8 22. Nc3 Rxd1+ 23. Kxd1 Qg6 24. Kc1 Bd6 25. Qd4 Qxg2 26. Rd1 Bxh2 27. f4 Bg1 28. Bd5 Bxd5 29. Nxd5 h5 30. f5 Qg5 31. f6 g6 32. Kb1 1/2-1/2

[Event "Oberliga NRW 1415"]
[White "Weimann, Maximilian"]
[Black "Helbig, Mark"]
[Site "Germany"]
[Round "3.3"]
[Result "1/2-1/2"]
[Date "2014.11.16"]
[WhiteElo "2153"]
[BlackElo "2264"]
[PlyCount "197"]
[EventDate "2014.09.14"]
[EventType "team-tourn"]
[EventRounds "9"]
[EventCountry "GER"]
[SourceTitle "EXT 2017"]
[Source "ChessBase"]
[SourceDate "2016.10.25"]
[SourceVersion "1"]
[SourceVersionDate "2016.10.25"]
[SourceQuality "1"]
[WhiteTeam "Wuerselen"]
[BlackTeam "Koeln SF"]
[WhiteTeamCountry "GER"]
[BlackTeamCountry "GER"]

1. e4 c6 2. d4 d5 3. Nc3 dxe4 4. Nxe4 Bf5 5. Ng3 Bg6 6. Nh3 e6 7. Nf4 Qh4 8. c3 Bd6 9. Qf3 Nf6 10. Be2 Nbd7 11. Nd3 Nd5 12. Nh5 Be4 13. Nxg7+ Ke7 14. Qh5 Qxh5 15. Nxh5 Bxg2 16. Rg1 Rhg8 17. Nhf4 Be4 18. Rg3 Bxd3 19. Nxd5+ cxd5 20. Rxd3 Rg2 21. h4 Rag8 22. Bg5+ f6 23. Be3 Rh2 24. 0-0-0 Rxh4 25. Bf3 Bf4 26. Re1 Kd6 27. Bxf4+ Rxf4 28. Rh1 Rg7 29. Rh5 Nf8 30. Kd2 Ng6 31. Ke3 Rh4 32. Rd1 Rxh5 33. Bxh5 Ne7 34. Bf3 e5 35. dxe5+ fxe5 36. Ke2 Ke6 37. c4 e4 38. cxd5+ Ke5 39. Bh1 Nf5 40. d6 Rd7 41. Rc1 Rxd6 42. Rc4 Rd4 43. Rc5+ Kf4 44. Rc7 Rb4 45. b3 h5 46. Rh7 h4 47. Bg2 a5 48. Kd2 Rd4+ 49. Ke2 Rd3 50. Rxb7 h3 51. Bh1 Nd4+ 52. Ke1 Nf3+ 53. Bxf3 Kxf3 54. Rf7+ Kg2 55. Rg7+ Kh1 56. Ke2 a4 57. bxa4 Ra3 58. Kf1 Rxa2 59. Rg1+ Kh2 60. Rg3 Rxa4 61. Ke2 Ra2+ 62. Kf1 Ra1+ 63. Ke2 Rg1 64. Re3 Rg4 65. Kf1 Rf4 66. Ke2 Rh4 67. Rg3 Kh1 68. Kf1 h2 69. Ke2 Rh7 70. Kf1 Ra7 71. Ke2 Ra1 72. Re3 Rg1 73. Rh3 Rg4 74. Kf1 Rg1+ 75. Ke2 Rb1 76. Rg3 Rb4 77. Re3 Rd4 78. Kf1 Rd1+ 79. Ke2 Rd3 80. Kf1 Rd2 81. Rg3 Rd5 82. Ke2 Rf5 83. Re3 Rf4 84. Ke1 Rg4 85. Kf1 Rg6 86. Rh3 Rg2 87. Re3 Rg5 88. Rh3 Rd5 89. Re3 Rd3 90. Re1 Rd2 91. Re3 Rd1+ 92. Ke2 Rd3 93. Kf1 Rd1+ 94. Ke2 Ra1 95. Rg3 Ra8 96. Kf1 Rf8 97. Ke2 Rf4 98. Re3 Rxf2+ 99. Kxf2 1/2-1/2

[Event "Berlin Spring op-A"]
[White "Weimann, Maximilian"]
[Black "Weidel, Albrecht"]
[Site "Berlin"]
[Round "4"]
[Result "1-0"]
[Date "2014.05.02"]
[WhiteElo "2143"]
[BlackElo "2120"]
[PlyCount "91"]
[EventDate "2014.05.01"]
[EventType "swiss"]
[EventRounds "7"]
[EventCountry "GER"]
[SourceTitle "CBM 160 Extra"]
[Source "ChessBase"]
[SourceDate "2014.07.01"]
[SourceVersion "1"]
[SourceVersionDate "2014.07.01"]
[SourceQuality "1"]

1. e4 e5 2. Nf3 Nc6 3. Nc3 Nf6 4. g3 Bc5 5. Bg2 d6 6. d3 a6 7. 0-0 h6 8. Be3 Nd4 9. Bxd4 Bxd4 10. Nxd4 exd4 11. Ne2 c5 12. h3 Bd7 13. f4 Bc6 14. Qd2 Qe7 15. b4 Nd7 16. a4 0-0 17. g4 g6 18. a5 Kh7 19. Rab1 Rae8 20. Ng3 Rg8 21. bxc5 dxc5 22. e5 Rb8 23. Bxc6 bxc6 24. Qg2 Qe6 25. Rbe1 Qd5 26. Qxd5 cxd5 27. e6 fxe6 28. Rxe6 c4 29. f5 cxd3 30. cxd3 Nc5 31. fxg6+ Rxg6 32. Rf7+ Kg8 33. Ree7 Nxd3 34. Nh5 Rb1+ 35. Kg2 Rb2+ 36. Kg3 Nc5 37. Nf4 Ne4+ 38. Kh4 Rf6 39. Rg7+ Kf8 40. Nxd5 Rf3 41. Rh7 Kg8 42. Rxh6 Nf2 43. Kg5 Rb5 44. Kg6 Rxd5 45. Re8+ Rf8 46. Rh8+ 1-0

[Event "Werther Schloss op 19th"]
[White "Weimann, Maximilian"]
[Black "Huckebrink, Chris"]
[Site "Werther"]
[Round "6"]
[Result "1-0"]
[Date "2013.03.24"]
[WhiteElo "2132"]
[BlackElo "1992"]
[PlyCount "89"]
[EventDate "2013.03.22"]
[EventType "swiss"]
[EventRounds "7"]
[EventCountry "GER"]
[SourceTitle "CBM 153 Extra"]
[Source "ChessBase"]
[SourceDate "2013.04.22"]
[SourceVersion "1"]
[SourceVersionDate "2013.04.22"]
[SourceQuality "1"]

1. e4 c5 2. Nf3 g6 3. d4 cxd4 4. Nxd4 Nf6 5. Nc3 Nc6 6. Nde2 Bg7 7. g3 Qa5 8. Bg2 d6 9. 0-0 0-0 10. a4 Nb4 11. Nf4 Bd7 12. Bd2 Qd8 13. h3 e5 14. Nfe2 Be6 15. Nb5 Nc6 16. Bg5 Bc4 17. Re1 a6 18. Na3 Be6 19. c4 Qd7 20. Kh2 Na5 21. b3 Nh5 22. Ra2 f5 23. exf5 Rxf5 24. Be3 Rf7 25. Rd2 Bf8 26. Nc3 Nf6 27. Bg5 Ne8 28. Ne4 Qc7 29. Nb1 Qb6 30. Rd3 h6 31. Be3 Qb4 32. g4 Kh7 33. Nbd2 Rd8 34. Nf3 Nc6 35. Nfg5+ hxg5 36. Nxg5+ Kg8 37. Nxe6 Rdd7 38. Ng5 Rg7 39. Bd5+ Kh8 40. Qf3 Be7 41. Bd2 Qb6 42. Ne6 Rh7 43. Nf8 Nd4 44. Nxg6+ Kg7 45. Qf7# 1-0

[Event "Werther Schloss op 19th"]
[White "Ackermann, Hans Werner"]
[Black "Weimann, Maximilian"]
[Site "Werther"]
[Round "3"]
[Result "1/2-1/2"]
[Date "2013.03.22"]
[WhiteElo "2255"]
[BlackElo "2132"]
[PlyCount "80"]
[EventDate "2013.03.22"]
[EventType "swiss"]
[EventRounds "7"]
[EventCountry "GER"]
[SourceTitle "CBM 153 Extra"]
[Source "ChessBase"]
[SourceDate "2013.04.22"]
[SourceVersion "1"]
[SourceVersionDate "2013.04.22"]
[SourceQuality "1"]

1. b3 d5 2. Bb2 Nf6 3. Nf3 Bg4 4. e3 Nbd7 5. h3 Bh5 6. Be2 e6 7. d3 Bd6 8. Nbd2 e5 9. g4 Bg6 10. Nh4 c6 11. c4 Nc5 12. Nxg6 hxg6 13. Qc2 Ne6 14. 0-0-0 a5 15. h4 a4 16. g5 axb3 17. axb3 Nd7 18. Bg4 Qe7 19. d4 e4 20. c5 Bc7 21. b4 f5 22. Be2 Qf7 23. f4 Ke7 24. Rdf1 Qe8 25. Nb1 b5 26. Qb3 Nb8 27. Kd1 Na6 28. Bc3 Ra7 29. Ke1 Rh7 30. Kd1 Qh8 31. Be1 Qa8 32. Bc3 Qh8 33. Be1 Qa8 34. Bc3 Qh8 35. Be1 Qa8 36. Nc3 Bxf4 37. Rxf4 Nxf4 38. exf4 Nb8 39. Bd2 Ra1+ 40. Bc1 Ra7 1/2-1/2

[Event "Palma de Mallorca 01"]
[White "Weimann, Maximilian"]
[Black "Ivanov, Jordan"]
[Site "Palma de Mallorca"]
[Round "8"]
[Result "0-1"]
[Date "2013.01.19"]
[WhiteElo "2157"]
[BlackElo "2351"]
[PlyCount "56"]
[EventDate "2013.01.14"]
[EventType "tourn"]
[EventRounds "9"]
[EventCountry "ESP"]
[EventCategory "2"]
[SourceTitle "EXT 2014"]
[Source "ChessBase"]
[SourceDate "2013.11.20"]
[SourceVersion "1"]
[SourceVersionDate "2013.11.20"]
[SourceQuality "1"]

1. e4 c5 2. Nf3 e6 3. d4 cxd4 4. Nxd4 Nc6 5. Nc3 Qc7 6. g3 a6 7. Bg2 h5 8. h3 h4 9. g4 Nge7 10. Nde2 Ng6 11. 0-0 Bc5 12. a4 b6 13. Kh1 Bb7 14. Bg5 f6 15. Bd2 0-0-0 16. Na2 Nce5 17. b4 Be7 18. c4 Nxc4 19. Rc1 Kb8 20. Nd4 Rc8 21. Qe2 Nf4 22. Bxf4 Qxf4 23. Rxc4 Rxc4 24. Qxc4 Rc8 25. Qd3 Bd6 26. e5 Bxe5 27. Nf3 Bxf3 28. Qxf3 Qh2# 0-1

[Event "Palma de Mallorca 01"]
[White "Weimann, Maximilian"]
[Black "Gavilan Diaz, Mario"]
[Site "Palma de Mallorca"]
[Round "3"]
[Result "0-1"]
[Date "2013.01.16"]
[WhiteElo "2157"]
[BlackElo "2255"]
[PlyCount "62"]
[EventDate "2013.01.14"]
[EventType "tourn"]
[EventRounds "9"]
[EventCountry "ESP"]
[EventCategory "2"]
[SourceTitle "EXT 2014"]
[Source "ChessBase"]
[SourceDate "2013.11.20"]
[SourceVersion "1"]
[SourceVersionDate "2013.11.20"]
[SourceQuality "1"]

1. e4 e6 2. d4 d5 3. Nc3 Nf6 4. e5 Nfd7 5. f4 c5 6. Nf3 Nc6 7. Be3 a6 8. Qd2 cxd4 9. Nxd4 Bc5 10. 0-0-0 0-0 11. Nb3 Bb4 12. Be2 b5 13. h4 Nb6 14. Bd4 Nc4 15. Qd3 Rb8 16. g4 a5 17. h5 a4 18. Nd2 a3 19. b3 Nb2 20. Qe3 Nxd1 21. Rxd1 Nxd4 22. Qxd4 Qa5 23. Ncb1 Bd7 24. Nf3 Rfc8 25. Qd3 Bc3 26. Rg1 Bb2+ 27. Kd1 Qb4 28. Ng5 Qd4 29. Rh1 Qxf4 30. Qxh7+ Kf8 31. Nxe6+ Bxe6 0-1

[Event "Palma de Mallorca 01"]
[White "Weimann, Maximilian"]
[Black "Buscara, Sevan"]
[Site "Palma de Mallorca"]
[Round "1"]
[Result "0-1"]
[Date "2013.01.14"]
[WhiteElo "2157"]
[BlackElo "2326"]
[PlyCount "81"]
[EventDate "2013.01.14"]
[EventType "tourn"]
[EventRounds "9"]
[EventCountry "ESP"]
[EventCategory "2"]
[SourceTitle "EXT 2014"]
[Source "ChessBase"]
[SourceDate "2013.11.20"]
[SourceVersion "1"]
[SourceVersionDate "2013.11.20"]
[SourceQuality "1"]

1. e4 c6 2. c4 d5 3. cxd5 cxd5 4. exd5 Nf6 5. Qa4+ Nbd7 6. Nc3 g6 7. Bc4 Bg7 8. d3 0-0 9. Nf3 a6 10. Qa3 b6 11. 0-0 Bb7 12. Re1 Re8 13. d6 e6 14. Ng5 b5 15. Bb3 h6 16. Nge4 Nd5 17. Nc5 b4 18. Nxb7 bxa3 19. Nxd8 Raxd8 20. Na4 Nb4 21. Rd1 Ne5 22. d4 Nec6 23. bxa3 Nxd4 24. axb4 Nxb3 25. axb3 Bxa1 26. Be3 Be5 27. d7 Re7 28. Nb6 f6 29. Bc5 Rf7 30. Re1 Kg7 31. g3 g5 32. h3 Kg6 33. Re2 h5 34. Ra2 Bc7 35. Rxa6 Bxb6 36. Rxb6 Kf5 37. b5 Rfxd7 38. Ra6 Rb7 39. b6 g4 40. h4 e5 41. Ra1 0-1

[Event "BEL-chT 1112"]
[White "Decoster, Frederic"]
[Black "Weimann, Maximilian"]
[Site "Belgium"]
[Round "11.5"]
[Result "1/2-1/2"]
[Date "2012.04.01"]
[WhiteElo "2316"]
[BlackElo "2163"]
[PlyCount "88"]
[EventDate "2011.10.09"]
[EventType "team-tourn"]
[EventRounds "11"]
[EventCountry "BEL"]
[SourceTitle "EXT 2013"]
[Source "ChessBase"]
[SourceDate "2012.11.22"]
[SourceVersion "1"]
[SourceVersionDate "2012.11.22"]
[SourceQuality "1"]
[WhiteTeam "Bruges"]
[BlackTeam "Jean Jaures"]
[WhiteTeamCountry "BEL"]
[BlackTeamCountry "BEL"]

1. e4 c5 2. Nf3 e6 3. d4 cxd4 4. Nxd4 a6 5. Bd3 Bc5 6. Nb3 Ba7 7. Qg4 Nf6 8. Qe2 d6 9. 0-0 0-0 10. Bg5 Nc6 11. Na3 h6 12. Bh4 Ne5 13. Rad1 Ng6 14. Bg3 e5 15. Kh1 h5 16. h3 Be6 17. Bc4 Qe7 18. Nd2 h4 19. Bh2 Rad8 20. Bd3 Nh7 21. Nac4 Rfe8 22. Nf3 Ng5 23. Ncd2 Nh7 24. c4 Qf6 25. Nb1 Ng5 26. Nxg5 Qxg5 27. Nc3 Rc8 28. a4 Bb6 29. b3 Bd4 30. Nb1 a5 31. Nd2 Bc5 32. Nf3 Qf6 33. Ne1 b6 34. Nc2 Qg5 35. Rfe1 Rcd8 36. Ne3 Bb4 37. Rf1 Bc5 38. Nf5 Nf4 39. Qf3 g6 40. Ne3 Qh5 41. Ng4 Bxg4 42. hxg4 Qg5 43. Bxf4 Qxf4 44. Qxf4 exf4 1/2-1/2

[Event "Leverkusen Bayer op 10th"]
[White "Weimann, Maximilian"]
[Black "Vranidis, Athanassios"]
[Site "Leverkusen"]
[Round "3"]
[Result "1-0"]
[Date "2012.02.08"]
[WhiteElo "2116"]
[BlackElo "1745"]
[PlyCount "45"]
[EventDate "2012.01.11"]
[EventType "swiss"]
[EventRounds "7"]
[EventCountry "GER"]
[SourceTitle "EXT 2014"]
[Source "ChessBase"]
[SourceDate "2013.11.20"]
[SourceVersion "1"]
[SourceVersionDate "2013.11.20"]
[SourceQuality "1"]

1. e4 c5 2. Nf3 d6 3. d4 cxd4 4. Nxd4 Nf6 5. Nc3 a6 6. g3 e5 7. Nb3 Be7 8. Bg2 Be6 9. 0-0 0-0 10. a4 Bxb3 11. cxb3 Nc6 12. Be3 Re8 13. Rc1 Qd7 14. Nd5 Nxd5 15. Qxd5 Rac8 16. Rfd1 Nb4 17. Qxe5 Rxc1 18. Bxc1 Qg4 19. Qd4 Nc2 20. Qd3 Nb4 21. Qd2 Bg5 22. Qxd6 Be7 23. Qd7 1-0

[Event "Cologne Ford op 17th"]
[White "Gutt, Oswald"]
[Black "Weimann, Maximilian"]
[Site "Cologne"]
[Round "7"]
[Result "0-1"]
[Date "2011.05.30"]
[WhiteElo "1907"]
[BlackElo "2089"]
[PlyCount "82"]
[EventDate "2011.04.12"]
[EventType "swiss"]
[EventRounds "7"]
[EventCountry "GER"]
[SourceTitle "EXT 2012"]
[Source "ChessBase"]
[SourceDate "2011.11.24"]
[SourceVersion "1"]
[SourceVersionDate "2011.11.24"]
[SourceQuality "1"]

1. Nf3 d5 2. c4 d4 3. e3 Nc6 4. exd4 Nxd4 5. Nxd4 Qxd4 6. Nc3 c6 7. d3 Nh6 8. Be3 Qd8 9. Be2 Nf5 10. 0-0 g6 11. d4 Bg7 12. Qd3 Nxd4 13. Rad1 Nxe2+ 14. Qxe2 Qc7 15. Ne4 0-0 16. h4 h5 17. Bd4 Bg4 18. f3 Bf5 19. b3 Bxd4+ 20. Rxd4 Rad8 21. Rfd1 Rxd4 22. Rxd4 Rd8 23. Rxd8+ Qxd8 24. Qe3 Bxe4 25. Qxe4 Qb6+ 26. Kh2 Qc5 27. f4 a5 28. Kg3 e6 29. Qd3 e5 30. f5 gxf5 31. Qd8+ Qf8 32. Qxa5 Qg7+ 33. Kh2 f4 34. Qa8+ Kh7 35. Qxb7 Qg3+ 36. Kg1 Qe1+ 37. Kh2 Qxh4+ 38. Kg1 Qe1+ 39. Kh2 Qg3+ 40. Kg1 Qg6 41. a4 f3 0-1

[Event "Cologne Ford op 17th"]
[White "Weimann, Maximilian"]
[Black "Auer, Martin"]
[Site "Cologne"]
[Round "6"]
[Result "1/2-1/2"]
[Date "2011.05.23"]
[WhiteElo "2089"]
[BlackElo "2216"]
[PlyCount "109"]
[EventDate "2011.04.12"]
[EventType "swiss"]
[EventRounds "7"]
[EventCountry "GER"]
[SourceTitle "EXT 2012"]
[Source "ChessBase"]
[SourceDate "2011.11.24"]
[SourceVersion "1"]
[SourceVersionDate "2011.11.24"]
[SourceQuality "1"]

1. e4 c5 2. Nf3 e6 3. d4 cxd4 4. Nxd4 Nc6 5. Nc3 Qc7 6. g3 a6 7. Bg2 d6 8. 0-0 Bd7 9. a4 Nf6 10. b3 Be7 11. Bb2 0-0 12. Nce2 Rac8 13. c4 Na5 14. Ba3 Rfe8 15. Ra2 Bf8 16. Rd2 Red8 17. Qb1 b6 18. h3 h5 19. Rfd1 Nb7 20. Nc3 Nc5 21. Bb4 g6 22. Ra2 Nb7 23. Qc1 Bg7 24. Qb1 Be8 25. Rad2 Nc5 26. Ra2 Nb7 27. Rad2 Nd7 28. Nde2 Ndc5 29. Nd4 Na5 30. Rb2 Bxd4 31. Rxd4 Nc6 32. Bxc5 bxc5 33. Rd1 Rb8 34. Ne2 Rb6 35. f4 Qb8 36. Rd3 Na5 37. Rc3 Rb4 38. Nc1 Nc6 39. Nd3 Rb6 40. Qa2 a5 41. f5 Nd4 42. Nf4 Qb7 43. Qb1 Qe7 44. Rf2 Qg5 45. h4 Qh6 46. fxe6 fxe6 47. Bh3 Bf7 48. Qf1 Qg7 49. Rd3 Re8 50. Qd1 Rb7 51. Ne2 e5 52. Nxd4 exd4 53. Rf4 Re5 54. Qf3 Rbe7 55. g4 1/2-1/2

[Event "Leverkusen Bayer op 9th"]
[White "Raabe, Joachim"]
[Black "Weimann, Maximilian"]
[Site "Leverkusen"]
[Round "7"]
[Result "0-1"]
[Date "2011.04.11"]
[WhiteElo "1998"]
[BlackElo "2093"]
[PlyCount "112"]
[EventDate "2011.01.10"]
[EventType "swiss"]
[EventRounds "7"]
[EventCountry "GER"]
[SourceTitle "EXT 2012"]
[Source "ChessBase"]
[SourceDate "2011.11.24"]
[SourceVersion "1"]
[SourceVersionDate "2011.11.24"]
[SourceQuality "1"]

1. e4 c5 2. Nc3 a6 3. f4 b5 4. g3 Bb7 5. Bg2 e6 6. d3 d5 7. Qe2 Be7 8. Nf3 Nc6 9. 0-0 Nd4 10. Nxd4 cxd4 11. Nd1 dxe4 12. dxe4 Nf6 13. Nf2 Rc8 14. Rd1 Qc7 15. Rxd4 Qxc2 16. Rd2 Qc7 17. Kh1 0-0 18. b3 Bb4 19. Rd3 e5 20. Be3 exf4 21. gxf4 Qc2 22. Qd1 Rfe8 23. Qxc2 Rxc2 24. Bd4 Nxe4 25. Bxe4 Rxe4 26. Kg1 Ree2 27. Be3 h5 28. Kf1 Rxa2 29. Rc1 h4 30. h3 Kh7 31. f5 a5 32. Bb6 Rac2 33. Rcd1 a4 34. bxa4 bxa4 35. Rb1 Bc3 36. Rxc3 Rxf2+ 37. Bxf2 Ba6+ 38. Kg1 Rxc3 39. Bxh4 Rxh3 40. Rb4 a3 41. Bf2 a2 42. Ra4 Bb7 43. Be1 Bd5 44. Kf2 Rf3+ 45. Ke2 Rxf5 46. Bc3 f6 47. Ke3 Rf3+ 48. Kd2 g5 49. Ra5 g4 50. Bd4 Bc4 51. Be3 Kg6 52. Ra8 g3 53. Kc3 Rxe3+ 54. Kxc4 Re2 55. Kd3 Rb2 56. Kc3 Rf2 0-1

[Event "BEL-chT 0910"]
[White "Khenkin, Igor"]
[Black "Weimann, Maximilian"]
[Site "Belgium"]
[Round "7"]
[Result "1-0"]
[Date "2010.01.24"]
[WhiteElo "2590"]
[BlackElo "2188"]
[PlyCount "49"]
[EventDate "2009.09.27"]
[EventType "team-tourn"]
[EventRounds "11"]
[EventCountry "BEL"]
[SourceTitle "EXT 2011"]
[Source "ChessBase"]
[SourceDate "2010.11.26"]
[SourceVersion "1"]
[SourceVersionDate "2010.11.26"]
[SourceQuality "1"]
[WhiteTeam "KSK47 Eynatten"]
[BlackTeam "Jean Jaures"]
[WhiteTeamCountry "BEL"]
[BlackTeamCountry "BEL"]

1. d4 d5 2. c4 e6 3. Nf3 Nf6 4. e3 a6 5. b3 c5 6. Bb2 Nc6 7. Bd3 cxd4 8. exd4 dxc4 9. bxc4 Bb4+ 10. Nbd2 0-0 11. 0-0 b6 12. Rc1 Bb7 13. Qe2 Be7 14. Rfd1 b5 15. d5 exd5 16. cxb5 Nb4 17. Bb1 axb5 18. a3 Na6 19. Qxb5 Qd7 20. Qd3 g6 21. Ne5 Qa4 22. Bc2 Qf4 23. g3 Qh6 24. Qd4 Bc8 25. Nc6 1-0

[Event "BEL-chT 0910"]
[White "Weimann, Maximilian"]
[Black "Vedder, Richard"]
[Site "Belgium"]
[Round "1"]
[Result "1/2-1/2"]
[Date "2009.09.27"]
[WhiteElo "2188"]
[BlackElo "2333"]
[PlyCount "43"]
[EventDate "2009.09.27"]
[EventType "team-tourn"]
[EventRounds "11"]
[EventCountry "BEL"]
[SourceTitle "EXT 2011"]
[Source "ChessBase"]
[SourceDate "2010.11.26"]
[SourceVersion "1"]
[SourceVersionDate "2010.11.26"]
[SourceQuality "1"]
[WhiteTeam "Jean Jaures"]
[BlackTeam "Borgerhout"]
[WhiteTeamCountry "BEL"]
[BlackTeamCountry "BEL"]

1. e4 e5 2. Nf3 Nc6 3. Nc3 Nf6 4. g3 Bb4 5. Bg2 0-0 6. 0-0 d6 7. d3 h6 8. a3 Ba5 9. b4 Bb6 10. Na4 Bd7 11. Bb2 Nd4 12. Nxb6 Nxf3+ 13. Bxf3 axb6 14. d4 Qe7 15. Bg2 Ba4 16. Re1 Rfe8 17. Qd3 b5 18. Bh3 Ra6 19. Re2 Rc6 20. Rae1 Rc4 21. Bf5 g6 22. Bh3 1/2-1/2

[Event "Werther Schloss op-A 15th"]
[White "Mews, Bernhard"]
[Black "Weimann, Maximilian"]
[Site "Werther"]
[Round "3"]
[Result "0-1"]
[Date "2009.04.03"]
[WhiteElo "2064"]
[BlackElo "2179"]
[PlyCount "82"]
[EventDate "2009.04.02"]
[EventType "swiss"]
[EventRounds "7"]
[EventCountry "GER"]
[SourceTitle "CBM 131 Extra"]
[Source "ChessBase"]
[SourceDate "2009.09.03"]
[SourceVersion "2"]
[SourceVersionDate "2009.09.16"]
[SourceQuality "1"]

1. e4 c5 2. Nf3 e6 3. d4 cxd4 4. Nxd4 a6 5. Nc3 Qc7 6. Bd3 Nc6 7. Nxc6 bxc6 8. 0-0 Nf6 9. Qe2 d5 10. Bg5 Bb7 11. Rad1 Be7 12. e5 h6 13. Bh4 Ng8 14. Bxe7 Nxe7 15. b3 c5 16. Rfe1 0-0 17. Qh5 f5 18. exf6 Rxf6 19. Qe5 Qb6 20. Na4 Qc6 21. Nb2 Raf8 22. Rd2 Ng6 23. Bxg6 Rxg6 24. f4 d4 25. Ree2 Rff6 26. Nd3 Rg4 27. Qxc5 Rgxf4 28. Rd1 R6f5 29. Qxc6 Bxc6 30. Re5 Bb5 31. Rde1 Kf7 32. a4 Bxd3 33. cxd3 a5 34. Rxf5+ Rxf5 35. Rc1 Rd5 36. Kf1 Rd6 37. Rc5 Rb6 38. Rb5 Rxb5 39. axb5 Ke7 40. Ke2 Kd6 41. Kf3 Kc5 0-1

[Event "Ruhrgebiet Regionalliga 0708"]
[White "Weimann, Maximilian"]
[Black "Nissen, Claus"]
[Site "Germany"]
[Round "9.7"]
[Result "0-1"]
[Date "2008.05.04"]
[WhiteElo "2143"]
[BlackElo "2164"]
[PlyCount "68"]
[EventDate "2007.09.16"]
[EventType "team-tourn"]
[EventRounds "9"]
[EventCountry "GER"]
[SourceTitle "EXT 2009"]
[Source "ChessBase"]
[SourceDate "2008.11.26"]
[SourceVersion "1"]
[SourceVersionDate "2008.11.26"]
[SourceQuality "1"]
[WhiteTeam "Bochum 31 II"]
[BlackTeam "Uberruhr"]
[WhiteTeamCountry "GER"]
[BlackTeamCountry "GER"]

1. e4 e6 2. d4 d5 3. Nc3 Bb4 4. e5 c5 5. a3 Bxc3+ 6. bxc3 Qc7 7. Qg4 Ne7 8. Qxg7 Rg8 9. Qxh7 cxd4 10. Ne2 dxc3 11. f4 Nbc6 12. Qd3 Bd7 13. Nxc3 a6 14. Rg1 Nf5 15. g4 Nxe5 16. fxe5 Qxe5+ 17. Kd1 Rc8 18. Bd2 d4 19. Ne2 Bb5 20. Bf4 Qc5 21. gxf5 Rxg1 22. Nxg1 Bxd3 23. Bxd3 e5 24. Bd2 e4 25. Bxe4 d3 26. Bxd3 Qxg1+ 27. Be1 Kd7 28. Kd2 Qxh2+ 29. Kd1 Qg1 30. Kd2 Re8 31. Rb1 b5 32. c3 Qg2+ 33. Kd1 Re3 34. Bc2 Qe2+ 0-1

[Event "Ruhrgebiet Regionalliga 0708"]
[White "Neumann, Carsten"]
[Black "Weimann, Maximilian"]
[Site "Germany"]
[Round "6.7"]
[Result "1/2-1/2"]
[Date "2008.02.24"]
[WhiteElo "2196"]
[BlackElo "2143"]
[PlyCount "30"]
[EventDate "2007.09.16"]
[EventType "team-tourn"]
[EventRounds "9"]
[EventCountry "GER"]
[SourceTitle "EXT 2009"]
[Source "ChessBase"]
[SourceDate "2008.11.26"]
[SourceVersion "1"]
[SourceVersionDate "2008.11.26"]
[SourceQuality "1"]
[WhiteTeam "Kamen"]
[BlackTeam "Bochum 31 II"]
[WhiteTeamCountry "GER"]
[BlackTeamCountry "GER"]

1. Nf3 d5 2. g3 Nf6 3. Bg2 e6 4. 0-0 Bd6 5. d3 0-0 6. Nbd2 e5 7. e4 c6 8. exd5 cxd5 9. c4 Nc6 10. Qb3 e4 11. dxe4 dxe4 12. Ne1 Nd4 13. Qe3 Nf5 14. Qe2 Nd4 15. Qe3 Nf5 1/2-1/2